| Tag |
First Indicator |
Second Indicator |
Subfields |
| LEADER |
00000cas a2200000 a 4500 |
| 001 |
in00003736739 |
| 005 |
20190207102901.0 |
| 008 |
880309c19879999txumr p 0 a0eng d |
| 010 |
|
|
|a sn 88037063
|
| 012 |
|
|
|i 8803
|
| 035 |
|
|
|a (OCoLC)ocm17602135
|
| 035 |
|
|
|a (OCoLC)17602135
|
| 040 |
|
|
|a IXA
|b eng
|c IXA
|d OCLCQ
|d OCLCF
|d OCLCO
|d TXA
|d UtOrBLW
|
| 042 |
|
|
|a msc
|
| 049 |
|
|
|a TXAM
|
| 090 |
|
|
|a GV1796.P55
|b T49
|
| 245 |
0 |
4 |
|a The Texas polka news.
|
| 264 |
|
1 |
|a Houston, Tex. :
|b Julius Tupa,
|c 1987-
|
| 300 |
|
|
|a volumes :
|b illustrations ;
|c 35 cm.
|
| 310 |
|
|
|a Monthly
|
| 336 |
|
|
|a text
|b txt
|2 rdacontent
|
| 337 |
|
|
|a unmediated
|b n
|2 rdamedia
|
| 338 |
|
|
|a volume
|b nc
|2 rdacarrier
|
| 362 |
0 |
|
|a Vol. 1, no. 1 (July-Aug. 1987)-
|
| 500 |
|
|
|a The Cushing Library/Chapman Texas Collection copy is part of the Floyd & Louise Chapman Texas & Borderlands Collection.
|5 TXA
|
| 500 |
|
|
|a Title from caption.
|
| 500 |
|
|
|a Volume numbering irregular.
|
| 541 |
0 |
|
|a Donated by Gary E. McKee
|d 20161205
|
| 650 |
|
0 |
|a Polka (Dance)
|v Periodicals.
|
| 650 |
|
7 |
|a Polka (Dance)
|2 fast
|0 (OCoLC)fst01069992
|
| 655 |
|
7 |
|a Periodicals.
|2 fast
|0 (OCoLC)fst01411641
|
| 850 |
|
|
|a TxU
|
| 948 |
|
|
|a cataloged
|b h
|c 2016/12/7
|d c
|e ljohnson
|f 1:14:36 pm
|
| 994 |
|
|
|a C0
|b TXA
|
| 999 |
f |
f |
|s e0ff1767-da86-34ff-a2fb-d15ae14362db
|i 72fae243-9a5d-3b5d-ac16-3926ad68af4b
|t 0
|
| 952 |
f |
f |
|p noncirc
|a Texas A&M University
|b College Station
|c Cushing Memorial Library & Archives
|d Cushing: Chapman Texas Collection (Does not check out)
|t 0
|e GV1796.P55 T49
|h Library of Congress classification
|i unmediated -- volume
|
| 998 |
f |
f |
|a GV1796.P55 T49
|s v.28:issue 5 (2016:June)-v.28:issue 8 (2016:Sept.)
|t 0
|l Cushing: Chapman Texas Collection (Does not check out)
|